Uplatňovanie daňových stimulov vo vybraných krajinách EÚ diplomová práca

Guardado en:
Detalles Bibliográficos
Autor principal: Ivorová, Lenka
Autor Corporativo: Fakulta podnikového manažmentu EU. Katedra podnikových financií
Otros Autores: Ďurinová, Ivona, 1964-
Formato: Libro
Lenguaje:eslovaco
Publicado: Bratislava 2017
Etiquetas: Agregar Etiqueta
Sin Etiquetas, Sea el primero en etiquetar este registro!

MARC

LEADER 00000nbm a2200000 4500
001 0232535
005 20171018101939.1
041 0 |a slo 
044 |a SK 
245 1 0 |a Uplatňovanie daňových stimulov vo vybraných krajinách EÚ  |b diplomová práca  |c Lenka Ivorová ; školiteľ: Ivona Ďurinová 
264 1 |a Bratislava  |c 2017 
300 |a 72 s. 
100 1 |a Ivorová, Lenka 
700 1 |a Ďurinová, Ivona, 1964- 
710 2 |a Fakulta podnikového manažmentu EU. Katedra podnikových financií